00709nam a2200181Ia 4500008004100000020001400041020001800055041000800073050002400081100002000105245012500125260004300250300002200293650004000315650004200355952011300397999001700510200928s9999||||xx |||||||||||||| ||und|| a802814174 a9780802814173 aeng aBS2795.3 b.G7 1968 aGreen, Michael  4aThe second epistle general of Peter, and the general epistle of Jude : ban introduction and commentary /cMichael Green aGrand Rapids, Mich. :bEerdmans,c1987 a192 p.b;c20 cm. aBible (NT) -- Jude -- Commentaries. aBible. -- Peter, 2nd -- Commentaries. 00104070aGETSbGETScGENd2020-09-28l0oBS2795.3 .G7 1968p00016185r2020-09-28 00:00:00w2020-09-28yBK c28777d28777